|
|
|
|
| LEADER |
00000cam a2200000 7i4500 |
| 001 |
0000009566 |
| 005 |
20130605.0 |
| 020 |
|
|
|a 9836245464
|
| 090 |
0 |
0 |
|a 370.157
|b JAU
|
| 100 |
0 |
|
|a Jauharah Hj.Tak
|
| 245 |
1 |
0 |
|a Penyelesaian masalah dan pemikiran kreatif dalam pendidikan
|c Jauharah Hj.Tak
|
| 260 |
|
|
|a Kuala Lumpur :
|b DBP ,
|c 1995
|
| 300 |
|
|
|a 97p. :
|b ill ;
|c 21cm.
|
| 650 |
0 |
0 |
|a Creative thinking
|
| 650 |
0 |
0 |
|a Thought and thinking
|
| 999 |
|
|
|a 00280107
|b BUKU
|c PINJAMAN
|e PERPUSTAKAAN KOMUNITI CAW TAMAN MEDAN
|
| 999 |
|
|
|a 00280108
|b BUKU
|c PINJAMAN
|e PERPUSTAKAAN KOMUNITI CAW TAMAN MEDAN
|
| 999 |
|
|
|a 051265
|b BUKU
|c PINJAMAN
|e PERPUSTAKAAN KOMUNITI PETALING JAYA
|
| 999 |
|
|
|a 054371
|b BUKU
|c PINJAMAN
|e PERPUSTAKAAN KOMUNITI PETALING JAYA
|